World Islands 10-to-1 Quiz Stats

Quiz Updated Jan 9, 2016

Challenge
Share
Tweet
Embed
Score 0/55 Timer 06:00
7 Plays Today
% Correct
Vancouver
95%
Newfoundland
94%
Jamaica
93.6%
Prince Edward
93.5%
Cuba
92.8%
Trinidad
90.8%
Puerto Rico
90.7%
Cyprus
90.3%
O'ahu
90.3%
Crete
90.2%
Kaua'i
90.2%
Madagascar
89.3%
Lānaʻi
89.3%
Aruba
89.3%
Victoria
88.7%
Baffin
88.1%
Great Britain
87.9%
Ni'ihau
87.9%
Sicily
87.8%
Hokkaido
87.8%
Moloka'i
87.7%
Corsica
87.7%
Honshu
86.4%
Maui
86.3%
Kyushu
85.9%
Greenland
85.7%
Sumatra
85.6%
Sardinia
85.6%
% Correct
Prince of Wales
85%
Shikoku
84.7%
Java
84.6%
Hispaniola
83.8%
Martinique
83.6%
Isle of Wight
82.1%
Cabo Verde
81.7%
Borneo
81.7%
Banks
81.5%
Mauritius
81.5%
Seychelles
81.3%
Majorca
79.2%
Cape Breton
78.4%
Comoros
77.4%
Timor
76.8%
Ellesmere
76%
Rhodes
75.8%
Sulawesi
74.4%
Nevis
74.2%
Sumbawa
73.9%
Devon
70.5%
New Guinea
69.9%
Luzon
61.3%
Isla de la Juventud
60.6%
Mindanao
59.6%
Seram
56.3%
Anglesey
55.4%

You're not logged in!

Compare scores with friends on all Sporcle quizzes.
Sign Up with Email
OR
Log In

You Might Also Like...

Show Comments

Extras

Top Quizzes Today


Score Distribution

Your Account Isn't Verified!

In order to create a playlist on Sporcle, you need to verify the email address you used during registration. Go to your Sporcle Settings to finish the process.